000 00763nas a2200265 4500
001 BR6008172
003 BR-BrBNA
005 20231205082053.0
007 ta
008 230509b bl.|||p| |||| 00| 00por d
040 _aBR-BrBNA
_bpor
_cBiblioteca Nacional de Agricultura
041 _a(Pt)
072 _aL10
100 1 _aSantiago, A.A.
245 1 _aUm rebanho Sindi [raca, fertilidade animal, importacao]
650 _aMELHORAMENTO GENETICO ANIMAL
650 _aGADO SINDI
650 _aRACA
650 _aFERTILIDADE ANIMAL
650 _aIMPORTACAO
650 _aREBANHO
773 0 _tRevista dos Criadores (Brazil)
_xISSN 0034-9259
_g(Nov 1977), v. 47(574) p. 9-15
_wBR6008172
909 _a202311
_bLúcia
_c55
_dLúcia Elande
942 _2AGRIS
_n0
_cANA
999 _c88959
_d88959